000 00572nam a22001817a 4500
005 20251108164904.0
008 250721s1958 xx 000 0 ara d
082 1 4 _a962.02/محم
100 1 _aشكري، محمد فؤاد
245 1 0 _aمصر في مطلع القرن التاسع عشر ( 1801 - 1811 ) /
264 1 _aالقاهرة :
_bمطبعة جامعة القاهرة،
_c1958.
300 _a
650 1 7 _aتاريخ مصر
650 1 7 _aالتاريخ السياسي
650 1 7 _aالقرن التاسع عشر
942 _2ddc
_cBK
999 _c16729
_d16729